000 01003nab a22002177a 4500
999 _c5616
_d5616
003 OSt
005 20251222121412.0
008 190429b xxu||||| |||| 00| 0 spa d
040 _cPJ
100 _96590
_aMarinaro, José Angel
245 1 0 _aNeuroderechos humanos. ¿Pueden reconceptualizarse los textos constitucionales? /
_cJosé Angel Marinaro.
260 _cCiudad Autónoma de Buenos Aires :
_aThomson Reuters La Ley,
_b2025.
300 _ap. 215-227
500 _aCita: TR LALEY AR/DOC/1640/2025.
505 _aSumario: I. Introducción.— II. Las opciones en juego.— III. Esquema del ensayo.— IV. Conclusión.— V. Listado de acrónimos.
505 _tSi te interesa el texto completo, solicitalo a koha@justierradelfuego.gov.ar
650 0 _9343
_aDERECHO PENAL
650 0 _9614
_aDERECHOS HUMANOS
773 0 _02658
_93164
_tRevista de derecho penal y criminología. Nº 7 - Agosto 2025
_dCiudad Autónoma de Buenos Aires : Thomson Reuters La Ley, 2017-
_x00347914
942 _2udc
_cANA